Orgány neziskovej organizácie a ich právomoci Orgány neziskovej organizácie a ich právomoci bakalárska práca

Enregistré dans:
Détails bibliographiques
Auteur principal: Kosecová, Kristína
Collectivité auteur: Fakulta podnikového manažmentu EU. Katedra podnikovohospodárska
Autres auteurs: Hrušovská, Dana, 1964-
Format: Livre
Langue:slovaque
Publié: Bratislava 2016
Tags: Ajouter un tag
Pas de tags, Soyez le premier à ajouter un tag!

MARC

LEADER 00000nbm a2200000 4500
001 0218345
005 20170302132731.1
041 0 |a slo 
044 |a SK 
245 1 0 |a Orgány neziskovej organizácie a ich právomoci Orgány neziskovej organizácie a ich právomoci  |b bakalárska práca  |c Kristína Kosecová ; školiteľ: Dana Hrušovská 
264 1 |a Bratislava  |c 2016 
300 |a 51 s. 
100 1 |a Kosecová, Kristína 
700 1 |a Hrušovská, Dana, 1964- 
710 2 |a Fakulta podnikového manažmentu EU. Katedra podnikovohospodárska